000 00576nam a2200241Ia 4500
003 OSt
005 20221005124002.0
006 a|||||r|||| 00| 0
007 ta
008 221004b |||||||| |||| 00| 0 eng d
024 _a49586
037 _cTextual
040 _aCRL
_cCRL
_beng
041 _2eng
_aeng
082 _aP1511, H9-;3
100 _aJoshi C V
245 0 _aManual of Pali
260 _c1949
490 _aPoona Oriental Series,23
650 _aLINGUISTICS
942 _hP1511, H9-;3
_cTEXL
_2cc
999 _c1049116
_d1049116